00878nam a22002177a 4500003000500000005001700005008004100022010001100063011001100074035001100085040000900096100003000105245019100135260004000326500006000366502009700426650003000523650002300553650002000576856006400596CHAP20220329143932.0130912s2012 mx r 00010 spa d a103937 a104909 a115599 cCHAP00aZavala Galindo, Fernando.10aDiagnóstico para el rediseño curricular del doctorado en ciencias en educación agrícola superior de la Universidad Autónoma Chapingoh[En línea]c/por Fernando Zavala Galindo aChapingo, Méx. :bEl autor,c2012 aPara ver el contenido del material haga clic en la liga aTesis (Ph.D. en Educación Agrícola Superior) -- UACH. Departamento de Sociología Rural14aEducaciónxCurrículo.14aPlanes de estudio.14aProfesionistas. 3Finding aiduhttp://10.13.5.2/tesis/115599.pdfzTeclea aqui